| Tag |
First Indicator |
Second Indicator |
Subfields |
| LEADER |
00000cam a2200000 4500 |
| 001 |
in00000054322 |
| 005 |
20151008052018.0 |
| 008 |
720608s1957 mau b 00000 eng |
| 010 |
|
|
|a a 57007612
|
| 035 |
|
|
|a (OCoLC)00328070
|
| 035 |
|
|
|9 AAH1218AM
|
| 040 |
|
|
|a DLC
|c CSU
|d TXA
|d UtOrBLW
|
| 049 |
|
|
|a TXAM
|c 2 [420643]
|
| 050 |
|
0 |
|a HB103.S79
|b .S4
|
| 092 |
|
|
|a 330.1
|b S8423s
|
| 100 |
1 |
|
|a Sen, S. R.
|q (Samar Ranjan),
|d 1916-2004.
|
| 245 |
1 |
4 |
|a The economics of Sir James Steuart /
|c [Published for the London School of Economics and Political Science].
|
| 264 |
|
1 |
|a Cambridge :
|b Harvard University Press,
|c 1957.
|
| 300 |
|
|
|a vii,207p :
|b illustrations ;
|c 22cm.
|
| 336 |
|
|
|a text
|b txt
|2 rdacontent
|
| 337 |
|
|
|a unmediated
|b n
|2 rdamedia
|
| 338 |
|
|
|a volume
|b nc
|2 rdacarrier
|
| 600 |
1 |
0 |
|a Steuart, James,
|c Sir,
|d 1712-1780.
|
| 999 |
|
|
|a MARS
|
| 999 |
f |
f |
|s 22c897aa-ea8a-3b3b-8758-6e3aefcbc8a6
|i 39fe259f-c393-310f-9526-21f63e6dbd9b
|t 0
|
| 952 |
f |
f |
|p ric
|a Texas A&M University
|b Rellis Campus
|c Joint Library Facility
|d Remote Storage
|t 0
|e HB103.S79 .S4
|h Library of Congress classification
|i unmediated -- volume
|m A14800692642
|
| 998 |
f |
f |
|a HB103.S79 .S4
|t 0
|l Remote Storage
|